Prince of Persia All Bosses - Statistics

General Stats
  • This quiz has been taken 13 times
  • The average score is 6 of 15
Answer Stats
Hint #1 Hint #2 Answer % Correct
Warrior Within The Guardian of the Timeline Dahaka
91%
Warrior Within The Empress of Time Kaileena
91%
Sands of Time Turbaned staff holding wizard Vizier
73%
Two Thrones Prince's dark alter ego Dark Prince
64%
Warrior Within Black dressed, short haired, blade weilder Shahdee
55%
Warrior Within Not a Persian creature, but close enough Griffin
36%
Sands of Time Prince's Father, affected by the Sands Sand King
36%
Two Thrones The immortalised disambiguation of the wizard above Vizier
36%
Forgotten Sands The main antagonist in his original form Ratash
27%
Warrior Within Big metallic giant Thrall
27%
Two Thrones The duo of warriors by the King's Road Twins
27%
Forgotten Sands The main antagonist in a giant form amidst a sandstorm Gigantic Ratash
18%
Two Thrones The huge chinless giant from the Arena Klompa
18%
Two Thrones The raspy girl with, formerly, the daggertail Mahasti
18%
Forgotten Sands The main antagonist in a new body Ratash (Malik)
18%
No matching quizzes found
Score Distribution
Percent of People with Each Score
Percentile by Number Answered
Your Score History
You have not taken this quiz